Rozvoj malých a stredných podnikov v Karpatskom euroregióne

Gespeichert in:
Bibliographische Detailangaben
1. Verfasser: Daňková, Alena
Körperschaft: Ekonomická univerzita v Bratislave. Podnikovohospodárska fakulta so sídlom v Košiciach
Format: Buch
Sprache:Slowakisch
Veröffentlicht: Bratislava Vydavateľstvo EKONÓM 2005
Schlagworte:
Tags: Tag hinzufügen
Keine Tags, Fügen Sie das erste Tag hinzu!

MARC

LEADER 00000nam$a2200000$$$4500
001 0027114
005 20240502071427.6
020 |a 80-225-1951-0 
041 0 |a slo 
044 |a SK 
245 1 0 |a Rozvoj malých a stredných podnikov v Karpatskom euroregióne  |c Alena Daňková 
264 1 |a Bratislava  |b Vydavateľstvo EKONÓM  |c 2005 
300 |a 67 s. 
610 2 0 |a podnik malý 
610 2 0 |a podnik stredný 
610 2 0 |a rozvoj podniku 
610 2 0 |a euroregióny 
610 2 0 |a spolupráca cezhraničná 
610 2 0 |a prostredie podnikateľské 
610 2 0 |a analýzy 
610 2 0 |a Slovensko 
610 2 0 |a Karpatský euroregión 
100 1 |a Daňková, Alena 
710 2 |a Ekonomická univerzita v Bratislave. Podnikovohospodárska fakulta so sídlom v Košiciach